Min- Words Blitz Quiz Stats

 Plays Quiz not verified by Sporcle

Score 0/6 Timer 00:15
1 Play Today
% Correct
Mini
91.8%
Mind
90.7%
Mine
90.7%
Mint
87.5%
Mink
86.4%
Minx
86.4%

You're not logged in!

Compare scores with friends on all Sporcle quizzes.
OR
Log In

Show Comments

Extras

Top Quizzes Today


Score Distribution

Your Account Isn't Verified!

In order to create a playlist on Sporcle, you need to verify the email address you used during registration. Go to your Sporcle Settings to finish the process.

Report this User

Report this user for behavior that violates our Community Guidelines.

Details: